000 01880nam a22003017a 4500
003 DO-SdBNP
005 20220531084009.0
007 ta
008 210216e2020 dr ||||gr|||| 001 0dspa d
020 _a9789945613506
040 _aDO-SdBNP
_bspa
_cBNPHU
041 _hspa
082 4 _a972.93
_bA719h
_222
100 1 _99236
_aAriza Cabral, José Daniel,
_d1927-
245 1 0 _aHechos relevantes de la historia dominicana :
_b(lo vivido y lo leído 1916-1973) /
_cJosé Daniel Ariza Cabral ; prólogo Alberto Vásquez Díaz
260 _aSanto Domingo :
_bArchivo General de la Nación,
_c2020.
300 _a278 p. ;
_c22 cm.
490 _aArchivo General de la Nación ;
_v382
500 _aIncluye índice onomástico.
500 _aIncluye datos biográficos del autor en las solapas
505 0 _aPrólogo /
_r Alberto Vásquez Díaz --
_tAntecedentes históricos nace un gigante Estados unidos de América --
_gCapítulo I.
_tLa intervención norteamericana de 1916. Gobierno de Horacio Vásquez.
_gCapítulo II.
_tTrujillo al Poder. Comienza la era. --
_gCapítulo III.
_t Últimos años de la dictadura. La muerte de las Mirabal --
_gCapítulo IV.
_tConjura y ajusticiamiento --
_gCapítulo V.
_tAños de transición. Los hechos de Palma Sola --
_gCapítulo VI.
_tBosch electo y derrocado. Causas y consecuencias del golpe de estado --
_gCapítulo VII.
_t El movimiento 14 de junio. La infraestructura. Manolo Tavárez y las manaclas --
_gVIII.
_tLa revolución de abril.
_gCapítulo IX.
_t Elecciones de 1966. Sacrificio de Caamaño en Playa Caracoles --
_tTestimonio fotográfico --
_tÍndice onomástico
590 _aInventariado, 2021/MFF
651 1 4 _aRepública Dominicana
_xHistoria
_ySiglo XX
_99490
700 1 _aVásquez Díaz, Alberto,
_epról.
_977806
830 0 _aArchivo General de la Nación ;
_n382
_980997
910 _aValidado, 2021/MFF
942 _2ddc
_cLBS1
999 _c49390
_d49390